Au pied du mur / CD La belle
| Tipo de documento: | Print Libro Audiom CD |
|---|---|
| Lenguaje: | Francés |
| Publicado: |
Montreuil
L' Insomniaque
2000
|
| En: |
Au pied du mur 765 raisons d'en finir avec toutes les prisons
Año: 2000 |
| Disponibilidad en Tübingen: | Disponible en Tübingen. UB: 4 P 140 |
| Verificar disponibilidad: | HBZ Gateway |
| Servicio de pedido Subito: | Pedir ahora. |
| Palabras clave: |
MARC
| LEADER | 00000cjm a2200000 cc4500 | ||
|---|---|---|---|
| 001 | 1159465827 | ||
| 003 | DE-627 | ||
| 005 | 20220523161410.0 | ||
| 007 | sd uuuuuuuuuuu | ||
| 008 | 010201s2000 xx ||nn| |||||| n fre c | ||
| 035 | |a (DE-627)1159465827 | ||
| 035 | |a (DE-576)089465822 | ||
| 035 | |a (DE-599)BSZ089465822 | ||
| 035 | |a (OCoLC)313499525 | ||
| 040 | |a DE-627 |b ger |c DE-627 |e rakwb | ||
| 041 | |a fre | ||
| 245 | 0 | 0 | |a Au pied du mur |n CD |p La belle |
| 264 | 1 | |a Montreuil |b L' Insomniaque |c 2000 | |
| 300 | |a 1 CD | ||
| 336 | |a aufgeführte Musik |b prm |2 rdacontent | ||
| 337 | |a audio |b s |2 rdamedia | ||
| 338 | |a Audiodisk |b sd |2 rdacarrier | ||
| 655 | 7 | |a CD |0 (DE-588)4522869-3 |0 (DE-627)251637565 |0 (DE-576)213310740 |2 gnd-carrier | |
| 773 | 1 | 8 | |a Au pied du mur 765 raisons d'en finir avec toutes les prisons |w (DE-627)1159464871 |w (DE-576)089464877 |g CD |q CD |7 nnjm |
| 935 | |c muto | ||
| 951 | |a MV | ||
| LOK | |0 000 xxxxxcx a22 zn 4500 | ||
| LOK | |0 001 2390323081 | ||
| LOK | |0 003 DE-627 | ||
| LOK | |0 004 1159465827 | ||
| LOK | |0 005 20030410000000 | ||
| LOK | |0 008 010201||||||||||||||||ger||||||| | ||
| LOK | |0 040 |a DE-21 |c DE-627 |d DE-21 | ||
| LOK | |0 852 |a DE-21 | ||
| LOK | |0 852 1 |c 4 P 140 |9 00 | ||
| LOK | |0 866 |x Zugehöriger Textband unter Signatur: KB 19 A 8491 | ||
| LOK | |0 935 |a krim | ||
| LOK | |0 936ln |a k12.19 | ||
| LOK | |0 939 |a 01-02-01 |b l01 | ||
| ORI | |a SA-MARC-krimdoka001.raw | ||
| SIG | |a UB: 4 P 140 | ||
